[Event "Agzamov Memorial 06th"]
[Site "Tashkent"]
[Date "2012.03.07"]
[Round "2"]
[White "Rustamov, Alisher"]
[Black "Ismagambetov, Anuar"]
[Result "0-1"]
[WhiteElo "2205"]
[BlackElo "2471"]
[PlyCount "40"]
[EventDate "2012.03.06"]
[EventType "swiss"]
[EventRounds "9"]
[EventCountry "UZB"]
[SourceTitle "CBM 147 Extra"]
[Source "ChessBase"]
[SourceDate "2012.04.24"]
[SourceVersion "1"]
[SourceVersionDate "2012.04.24"]
[SourceQuality "1"]

1. e4 c6 2. d4 d5 3. e5 Bf5 4. Bd3 Bxd3 5. Qxd3 e6 6. Nc3 Nd7 7. Nge2 Ne7 8. 0-0 c5 9. f4 g6 10. g4 Nc6 11. f5 cxd4 12. fxe6 fxe6 13. Nb5 Ndxe5 14. Qg3 Qb6 15. a4 a6 16. Bf4 d3+ 17. Rf2 Bc5 18. Bxe5 Bxf2+ 19. Qxf2 Qxf2+ 20. Kxf2 0-0+ 0-1

[Event "Central Asia Cup 1st"]
[Site "Tashkent"]
[Date "2011.10.24"]
[Round "7"]
[White "Rustamov, Alisher"]
[Black "Kayumov, Dimitry"]
[Result "0-1"]
[WhiteElo "2201"]
[BlackElo "2441"]
[PlyCount "140"]
[EventDate "2011.10.18"]
[EventType "swiss"]
[EventRounds "9"]
[EventCountry "UZB"]
[SourceTitle "CBM 144 Extra"]
[Source "ChessBase"]
[SourceDate "2011.10.28"]
[SourceVersion "1"]
[SourceVersionDate "2011.10.28"]
[SourceQuality "1"]

1. e4 c5 2. Nc3 d6 3. g3 Nc6 4. Bg2 g6 5. d3 Bg7 6. f4 e6 7. Nh3 Nge7 8. 0-0 0-0 9. Be3 b6 10. Bf2 Rb8 11. Qd2 Qd7 12. Rae1 Bb7 13. Nd1 Rbe8 14. c3 f5 15. Ne3 fxe4 16. dxe4 Ba6 17. c4 Nd4 18. b3 d5 19. Rd1 dxc4 20. Nxc4 Rd8 21. Kh1 Qc7 22. Bxd4 Rxd4 23. Qe2 b5 24. Ne3 Qb6 25. Rfe1 Rfd8 26. Ng5 h6 27. Nf3 Rxd1 28. Rxd1 Nc6 29. Nh4 g5 30. fxg5 hxg5 31. Ng6 Rxd1+ 32. Qxd1 Qd8 33. Qh5 Qd2 34. Qxg5 Qc1+ 35. Bf1 b4 36. Qf4 e5 37. Qf2 Bh6 38. Kg2 Bxf1+ 39. Nxf1 c4 40. bxc4 Qxc4 41. Nh4 Qxe4+ 42. Kh3 Nd4 43. Qf6 Bg7 44. Qd8+ Kh7 45. Qg5 a5 46. Ne3 Qc6 47. Nef5 Qf6 48. Qh5+ Kg8 49. Qe8+ Bf8 50. g4 Qe6 51. Qd8 Nxf5 52. Nxf5 a4 53. Qd2 a3 54. Qc2 e4 55. Nd4 Qd5 56. Qb3 Qxb3+ 57. Nxb3 Kf7 58. Kg3 Bh6 59. Kf2 Ke6 60. h4 Bf4 61. Ke2 Kd5 62. g5 Kc4 63. Na5+ Kc3 64. g6 Bh6 65. Kd1 Kb2 66. Nb3 e3 67. Nc1 e2+ 68. Nxe2 Kxa2 69. Nc1+ Kb2 70. Nd3+ Kc3 0-1

[Event "Central Asia Cup 1st"]
[Site "Tashkent"]
[Date "2011.10.20"]
[Round "3"]
[White "Rustamov, Alisher"]
[Black "Karimov, Ibragim"]
[Result "1/2-1/2"]
[WhiteElo "2201"]
[BlackElo "2313"]
[PlyCount "46"]
[EventDate "2011.10.18"]
[EventType "swiss"]
[EventRounds "9"]
[EventCountry "UZB"]
[SourceTitle "CBM 144 Extra"]
[Source "ChessBase"]
[SourceDate "2011.10.28"]
[SourceVersion "1"]
[SourceVersionDate "2011.10.28"]
[SourceQuality "1"]

1. e4 e5 2. Nf3 Nc6 3. Nc3 Nf6 4. g3 d5 5. exd5 Nxd5 6. Bg2 Nb6 7. 0-0 Be7 8. Re1 f6 9. d4 Nxd4 10. Nxd4 exd4 11. Nb5 c6 12. Nxd4 0-0 13. Bf4 Rf7 14. Ne6 Qxd1 15. Raxd1 Bxe6 16. Rxe6 Bf8 17. b3 Rd7 18. Rxd7 Nxd7 19. h4 Kf7 20. Re1 Re8 21. Rd1 Ne5 22. Bxe5 Rxe5 23. Rd7+ Re7 1/2-1/2

[Event "Central Asia Cup 1st"]
[Site "Tashkent"]
[Date "2011.10.19"]
[Round "2"]
[White "Ismagambetov, Anuar"]
[Black "Rustamov, Alisher"]
[Result "1/2-1/2"]
[WhiteElo "2500"]
[BlackElo "2201"]
[PlyCount "95"]
[EventDate "2011.10.18"]
[EventType "swiss"]
[EventRounds "9"]
[EventCountry "UZB"]
[SourceTitle "CBM 144 Extra"]
[Source "ChessBase"]
[SourceDate "2011.10.28"]
[SourceVersion "1"]
[SourceVersionDate "2011.10.28"]
[SourceQuality "1"]

1. e4 g6 2. d4 Bg7 3. Nc3 d6 4. Be3 Nf6 5. h3 0-0 6. Nf3 c6 7. a4 Nbd7 8. Be2 e5 9. 0-0 Qe7 10. dxe5 dxe5 11. a5 Nc5 12. Nd2 Rd8 13. Qb1 Ne6 14. Rd1 Nd4 15. Bf1 Nh5 16. Ne2 f5 17. exf5 Nxf5 18. Nc4 Be6 19. Nc3 Nxe3 20. Nxe3 Rd4 21. Ne2 Rxd1 22. Qxd1 Rd8 23. Qe1 Qg5 24. Qb4 Rd7 25. Rd1 Bf8 26. Qc3 Rf7 27. Nc1 Nf4 28. Kh2 e4 29. Qd4 Bd5 30. g3 Bd6 31. Qd2 Nh5 32. Ng2 Qe5 33. Qe1 Qxb2 34. Be2 Qxc2 35. Bxh5 gxh5 36. Ne2 e3 37. Nxe3 Qe4 38. Nc3 Qf3 39. Nexd5 cxd5 40. Rxd5 Qxf2+ 41. Qxf2 Rxf2+ 42. Kg1 Rf3 43. Ne4 Bc7 44. Rg5+ Kf8 45. Kg2 Re3 46. Nf6 h6 47. Rxh5 Rxg3+ 48. Kf2 1/2-1/2

[Event "UZB-ch"]
[Site "Tashkent"]
[Date "2011.05.29"]
[Round "9"]
[White "Rustamov, Alisher"]
[Black "Artemenko, Oleg"]
[Result "0-1"]
[WhiteElo "2224"]
[BlackElo "2297"]
[PlyCount "82"]
[EventDate "2011.05.21"]
[EventType "tourn"]
[EventRounds "11"]
[EventCountry "UZB"]
[EventCategory "5"]
[SourceTitle "CBM 142 Extra"]
[Source "ChessBase"]
[SourceDate "2011.06.27"]
[SourceVersion "1"]
[SourceVersionDate "2011.06.27"]
[SourceQuality "1"]

1. e4 c5 2. Nc3 Nc6 3. g3 g6 4. Bg2 Bg7 5. d3 d6 6. Be3 Nf6 7. h3 0-0 8. Qd2 Nd4 9. Nd1 e5 10. c3 Ne6 11. Bh6 d5 12. exd5 Nxd5 13. Bxg7 Kxg7 14. Ne3 Nxe3 15. Qxe3 f6 16. Ne2 Qb6 17. 0-0 Bd7 18. f4 exf4 19. Nxf4 Nxf4 20. Qxf4 Bf5 21. Rad1 Rad8 22. Qf3 Qxb2 23. Rb1 Qxc3 24. Rxb7+ Rd7 25. Rfb1 Rff7 26. Rxd7 Rxd7 27. Rb7 Qd4+ 28. Kh2 Rxb7 29. Qxb7+ Qd7 30. Qxd7+ Bxd7 31. g4 g5 32. Kg3 f5 33. gxf5 Bxf5 34. Bf1 Kf6 35. Kf3 Ke5 36. Ke3 h5 37. a3 a5 38. Bg2 h4 39. Bf1 g4 40. hxg4 Bxg4 41. Bg2 Be6 0-1

[Event "UZB-ch"]
[Site "Tashkent"]
[Date "2011.05.28"]
[Round "8"]
[White "Gubaydulin, Talgat"]
[Black "Rustamov, Alisher"]
[Result "1-0"]
[WhiteElo "2301"]
[BlackElo "2224"]
[PlyCount "71"]
[EventDate "2011.05.21"]
[EventType "tourn"]
[EventRounds "11"]
[EventCountry "UZB"]
[EventCategory "5"]
[SourceTitle "CBM 142 Extra"]
[Source "ChessBase"]
[SourceDate "2011.06.27"]
[SourceVersion "1"]
[SourceVersionDate "2011.06.27"]
[SourceQuality "1"]

1. d4 Nf6 2. c4 g6 3. Nc3 Bg7 4. e4 d6 5. f4 0-0 6. Nf3 c5 7. Be2 cxd4 8. Nxd4 Nc6 9. Be3 Ng4 10. Bxg4 Bxd4 11. Bxd4 Bxg4 12. Qd2 Be6 13. b3 Nxd4 14. Qxd4 Qa5 15. 0-0 f6 16. Qd3 a6 17. f5 Bf7 18. Nd5 Bxd5 19. exd5 Kg7 20. Rae1 Rf7 21. Re3 Qc5 22. Kh1 b5 23. fxg6 hxg6 24. Rg3 g5 25. Qf5 Raf8 26. h4 Qd4 27. hxg5 Rh8+ 28. Rh3 Rxh3+ 29. gxh3 bxc4 30. Rg1 Kh8 31. Qc8+ Kg7 32. Qf5 Kh8 33. gxf6 Qd3 34. Qc8+ Kh7 35. Qg8+ Kh6 36. Qg5+ 1-0

[Event "UZB-ch"]
[Site "Tashkent"]
[Date "2011.05.26"]
[Round "6"]
[White "Dzhumaev, Marat"]
[Black "Rustamov, Alisher"]
[Result "1-0"]
[WhiteElo "2489"]
[BlackElo "2224"]
[PlyCount "63"]
[EventDate "2011.05.21"]
[EventType "tourn"]
[EventRounds "11"]
[EventCountry "UZB"]
[EventCategory "5"]
[SourceTitle "CBM 142 Extra"]
[Source "ChessBase"]
[SourceDate "2011.06.27"]
[SourceVersion "1"]
[SourceVersionDate "2011.06.27"]
[SourceQuality "1"]

1. e4 g6 2. d4 Bg7 3. Nc3 d6 4. f4 Nc6 5. Be3 Nf6 6. Nf3 0-0 7. Be2 e5 8. fxe5 dxe5 9. d5 Ne7 10. h3 Nh5 11. Bc4 Kh8 12. Qd2 Ng3 13. Rg1 f5 14. Ng5 h6 15. Bf2 Nxe4 16. Ngxe4 fxe4 17. g4 Rf3 18. 0-0-0 Qf8 19. Be3 Rxh3 20. Rdf1 Rf3 21. Qg2 Ng8 22. Nxe4 Rxf1+ 23. Rxf1 Qb4 24. Bd3 Bd7 25. a3 Qa5 26. Nc5 e4 27. Qxe4 Rf8 28. Rh1 Be8 29. g5 Qb6 30. b4 Qd6 31. Ne6 Rf5 32. Nxg7 1-0

[Event "UZB-ch 1st League"]
[Site "Tashkent"]
[Date "2011.04.14"]
[Round "3"]
[White "Rustamov, Alisher"]
[Black "Alikulov, Elbek"]
[Result "1/2-1/2"]
[WhiteElo "2265"]
[BlackElo "2180"]
[PlyCount "151"]
[EventDate "2011.04.12"]
[EventType "tourn"]
[EventRounds "11"]
[EventCountry "UZB"]
[SourceTitle "CBM 142 Extra"]
[Source "ChessBase"]
[SourceDate "2011.06.27"]
[SourceVersion "1"]
[SourceVersionDate "2011.06.27"]
[SourceQuality "1"]

1. e4 c5 2. Nc3 d6 3. g3 Nc6 4. Bg2 g6 5. d3 Bg7 6. Nf3 Nf6 7. 0-0 0-0 8. h3 Rb8 9. Be3 b5 10. a3 a5 11. Qd2 b4 12. axb4 axb4 13. Nd1 Bd7 14. Bh6 Ra8 15. Rb1 Ra2 16. Bxg7 Kxg7 17. Ne3 e5 18. Nh4 Nd4 19. Kh2 Kg8 20. Nc4 Be6 21. f4 Bxc4 22. dxc4 exf4 23. Qxf4 Nh5 24. Qd2 Ng7 25. Qd3 Nge6 26. Rf2 Qg5 27. Nf3 Nxf3+ 28. Rxf3 Nd4 29. Rf2 h5 30. h4 Qe5 31. Qe3 Qe6 32. Qd3 Qe5 33. Kg1 Rfa8 34. Rff1 R8a7 35. Kh1 Kg7 36. Rg1 Ne6 37. Bh3 Nd4 38. Bg2 Re7 39. Rgd1 Re6 40. Rf1 f5 41. c3 bxc3 42. bxc3 Ne2 43. Rb7+ Kf6 44. Rf3 Qxe4 45. Qxe4 Rxe4 46. Rd3 Re6 47. Bd5 Nf4 48. Bxe6 Nxd3 49. Bd5 Ne5 50. Rb6 Ke7 51. Rb7+ Kd8 52. Rb8+ Kc7 53. Rb7+ Kc8 54. Rb6 Kd7 55. Rb7+ Kd8 56. Rb8+ Ke7 57. Rb7+ Kd8 58. Rb8+ Kc7 59. Rb7+ Kc8 60. Rb6 Rc2 61. Rxd6 Rxc3 62. Kg2 Kc7 63. Re6 Nxc4 64. Kf2 Rc2+ 65. Kf3 Nd6 66. Rxg6 Rd2 67. Be6 c4 68. Rg5 c3 69. Bxf5 Nxf5 70. Rxf5 c2 71. Rc5+ Kb6 72. Rc8 Kb5 73. Ke3 Rg2 74. Kd3 Kb4 75. Rxc2 Rxg3+ 76. Ke4 1/2-1/2

[Event "UZB-ch 1st League"]
[Site "Tashkent"]
[Date "2011.04.12"]
[Round "1"]
[White "Rustamov, Alisher"]
[Black "Niyazmetov, Ruslan"]
[Result "1-0"]
[WhiteElo "2265"]
[BlackElo "2235"]
[PlyCount "85"]
[EventDate "2011.04.12"]
[EventType "tourn"]
[EventRounds "11"]
[EventCountry "UZB"]
[SourceTitle "CBM 142 Extra"]
[Source "ChessBase"]
[SourceDate "2011.06.27"]
[SourceVersion "1"]
[SourceVersionDate "2011.06.27"]
[SourceQuality "1"]

1. e4 e5 2. Nf3 Nc6 3. Nc3 Nf6 4. g3 d5 5. exd5 Nxd5 6. Bg2 Nb6 7. 0-0 Be7 8. Re1 f6 9. d4 exd4 10. Nb5 0-0 11. Nbxd4 Nxd4 12. Qxd4 Bd6 13. Bf4 Bxf4 14. Qxf4 Nd5 15. Qc4 c6 16. Nd4 Rf7 17. Rad1 Nb6 18. Qb3 Qf8 19. a4 Bg4 20. f3 Bd7 21. a5 Nd5 22. f4 Bg4 23. Ra1 Qc5 24. c3 a6 25. Kh1 Rd8 26. f5 Nc7 27. Qxb7 Nb5 28. Qxc6 Qxc6 29. Nxc6 Rd2 30. h3 Be2 31. Ra4 Rc7 32. Re4 Bh5 33. g4 Bf7 34. R4e2 Rdd7 35. c4 Bxc4 36. Re8+ Kf7 37. Nd8+ Rxd8 38. Rxd8 Bb3 39. Bd5+ Bxd5+ 40. Rxd5 Rc2 41. Re6 Rxb2 42. Rd7+ Kf8 43. Rxa6 1-0